Bệnh ký sinh trùng ở đàn dê Việt Nam : Sách cho nông dân miền núi

Đã lưu trong:
書目詳細資料
主要作者: Phan, Địch Lân
格式: 圖書
語言:Undetermined
出版: Hà Nội Nông Nghiệp 2004
主題:
標簽: 添加標簽
沒有標簽, 成為第一個標記此記錄!
Thư viện lưu trữ: Trung tâm Học liệu Trường Đại học Cần Thơ
LEADER 00704nam a2200217Ia 4500
001 CTU_92411
008 210402s9999 xx 000 0 und d
020 |c 18000 
082 |a 636.39089696 
082 |b L121 
100 |a Phan, Địch Lân 
245 0 |a Bệnh ký sinh trùng ở đàn dê Việt Nam : 
245 0 |b Sách cho nông dân miền núi 
245 0 |c Phan Địch Lân, Nguyễn Thị Kim Lan, Nguyễn Văn Quang 
260 |a Hà Nội 
260 |b Nông Nghiệp 
260 |c 2004 
650 |a Goats,Goats,Veterinary parasitology 
650 |x Diseases,Parasites 
904 |i Mai Loan 
980 |a Trung tâm Học liệu Trường Đại học Cần Thơ